000 00232nam a2200097Ia 4500
008 230915s9999 xx 000 0 und d
050 _aQD 251.3 .C37 2003
100 _aCAREY, FRANCIS A.
245 0 _aORGANIC CHEMISTRY
942 _cBK
999 _c190376
_d190376